| Tag |
First Indicator |
Second Indicator |
Subfields |
| LEADER |
00000cam a2200000 4500 |
| 001 |
in00001908239 |
| 006 |
m | d | |
| 007 |
cr |n||||||||n |
| 008 |
810811m17331734enk|||| s 00||||eng d |
| 005 |
20260407192512.3 |
| 035 |
|
|
|a (CStRLIN)ESTCT127564
|
| 040 |
|
|
|a Uk-ES
|c Uk-ES
|d CStRLIN
|d Thomson Gale
|d UtOrBLW
|
| 100 |
1 |
|
|a Rowe, Elizabeth Singer,
|d 1674-1737.
|
| 245 |
1 |
0 |
|a Friendship in death :
|b in twenty letters from the dead to the living. To which are added, Letters moral and entertaining, in prose and verse. In three parts. By the same author.
|
| 264 |
|
3 |
|a London :
|b printed for T. Worrall,
|c 1733-34.
|
| 300 |
|
|
|a 8 unnumbered pages, 70, that is, 78 pages, 4 unnumbered pages;2 unnumbered pages, 138, 2 unnumbered pages;2 unnumbered pages, 125, 1 unnumbered page;2 unnumbered pages, 129, 3 unnumbered pages ;
|c 8⁰.
|
| 336 |
|
|
|a text
|b txt
|2 rdacontent
|
| 337 |
|
|
|a computer
|b c
|2 rdamedia
|
| 338 |
|
|
|a online resource
|b cr
|2 rdacarrier
|
| 500 |
|
|
|a Anonymous. By Elizabeth Rowe.
|
| 500 |
|
|
|a 'Friendship in death' and each part of the 'letters' have separate titlepages, pagination and register.
|
| 500 |
|
|
|a 'Friendship in death' is of the third edition.
|
| 500 |
|
|
|a The 'Letters' are of the second edition and parts 2 and 3 are dated 1734.
|
| 500 |
|
|
|a Pp.67-78 of 'Friendship in death' are misnumbered 59-70.
|
| 500 |
|
|
|a Reproduction of original from the British Library.
|
| 510 |
4 |
|
|a English Short Title Catalog,
|c ESTCT127564.
|
| 533 |
|
|
|a Electronic reproduction.
|b Farmington Hills, Mich. :
|c Thomson Gale,
|d 2003.
|n Available via the World Wide Web.
|n Access limited by licensing agreements
|7 s2003 miunns
|
| 500 |
|
|
|a Electronic resource.
|
| 830 |
|
0 |
|a Eighteenth century collections online.
|
| 856 |
4 |
0 |
|u http://proxy.library.tamu.edu/login?url=https://galenet.galegroup.com/servlet/ECCO?c=1&stp=Author&ste=11&af=BN&ae=T127564&tiPG=1&dd=0&dc=flc&docNum=CW111277735&vrsn=1.0&srchtp=a&d4=0.33&n=10&SU=0LRK&locID=txshracd2898
|z Full text online
|t 0
|
| 999 |
|
|
|a MARS
|
| 999 |
f |
f |
|s 9c55fde1-035c-3ca8-b332-a6683727b85d
|i 434fb801-6b18-306d-82a7-f462b662ab0f
|t 0
|
| 952 |
f |
f |
|a Texas A&M University
|b College Station
|c Electronic Resources
|s www_evans
|d Available Online
|t 0
|h No information provided
|
| 998 |
f |
f |
|t 0
|l Available Online
|